000 00251nam a22001217a 4500
020 _a1-55512-147-0
082 _a005.1 PRO'I
100 _aINTEL
_959936
245 _aPROGRAMMABLE LOGIC
260 _aUSA
_bINTEL
_c1992
300 _a5-1
942 _cBK
999 _c575479
_d575479